Repertorio Ley de municipalidades
में बचाया:
| मुख्य लेखक: | |
|---|---|
| स्वरूप: | पुस्तक |
| भाषा: | स्पेनिश |
| प्रकाशित: |
Santiago
Legal Publishing Chile
2016
|
| संस्करण: | 1a. ed |
| विषय: | |
| टैग: |
टैग जोड़ें
कोई टैग नहीं, इस रिकॉर्ड को टैग करने वाले पहले व्यक्ति बनें!
|
MARC
| LEADER | 00000cam a2200000 a 4500 | ||
|---|---|---|---|
| 001 | UCD3072 | ||
| 003 | CL-VaPUC | ||
| 008 | 160526e20160000cl |||||||||||||||||spa|d | ||
| 020 | |a 9789563467901 | ||
| 082 | 0 | 4 | |a 352.83 |b COR |2 21 |
| 100 | 0 | |a Cordero Vega, Luis Alberto |e author |9 586425 | |
| 245 | 1 | 0 | |a Repertorio Ley de municipalidades |
| 246 | 1 | 0 | |a Jurisprudencia Corte Suprema, Tribunal Constitucional y Consejo para la Transparencia. Jurisprudencia administrativa Contraloría General de la República y Consejo para la Transparencia |
| 250 | |a 1a. ed | ||
| 300 | |a 329 p | ||
| 942 | |c BK | ||
| 945 | |d 20160526 21:26:00 |a cmena | ||
| 260 | |a Santiago |b Legal Publishing Chile |c 2016 | ||
| 650 | 7 | |a DERECHO MUNICIPAL |2 CL-VaPUC |9 257568 | |
| 650 | 0 | |a Municipalidades |9 255557 | |
| 650 | 7 | |a GOBIERNO Y ADMINISTRACION |2 CL-VaPUC |9 258649 | |
| 650 | 7 | |a BIENES MUNICIPALES |2 CL-VaPUC |9 383892 | |
| 650 | 0 | |a Administración pública |9 255343 | |
| 650 | 7 | |a RESPONSABILIDAD MUNICIPAL |2 CL-VaPUC |9 384144 | |
| 583 | |a last modification |c 20170612 02:00:46 |k Rodrigo Vera | ||
| 999 | |c 364136 |d 364134 | ||
| 952 | |0 0 |1 0 |3 erb |4 0 |6 352_830000000000000_COR_2016 |7 0 |8 A |9 477066 |a BIBDER |b BIBDER |i 5288215 |o 352.83 COR 2016 |p 5288215 |r 2023-01-25 |w 2019-11-24 |y BK |z Catalogado en:20160526 |k DER | ||